International logistics

Bibliographic Details
Corporate Author: ProQuest (Firm)
Other Authors: Wood, Donald F., 1935-
Format: Electronic eBook
Language:English
Published: New York, N.Y. : AMACOM Books, c2002.
Edition:2nd ed.
Subjects:
Online Access:Click to View
LEADER 01788nam a22003614a 4500
001 EBC243040
003 MiAaPQ
005 20200520144314.0
006 m o d |
007 cr cn|||||||||
008 020315s2002 nyua sb 001 0 eng
020 |z 0814406661 
035 |a (MiAaPQ)EBC243040 
035 |a (Au-PeEL)EBL243040 
035 |a (CaPaEBR)ebr10120187 
035 |a (OCoLC)475962549 
040 |a MiAaPQ  |c MiAaPQ  |d MiAaPQ 
050 4 |a HF5415.7  |b .I553 2002 
082 0 4 |a 658.7  |2 21 
245 0 0 |a International logistics  |h [electronic resource] /  |c Donald F. Wood ... [et al.]. 
250 |a 2nd ed. 
260 |a New York, N.Y. :  |b AMACOM Books,  |c c2002. 
300 |a xiii, 442 p. :  |b ill. 
504 |a Includes bibliographical references and index. 
505 0 |a Governments' interest and involvement in international logistics -- Logistics in different parts of the world -- Ocean ships and shipping -- Chartering bulk ocean carriers -- The ocean liner contract system -- International air transportation -- Surface transport to and from ports, and to and from Canada and Mexico -- Seaports, airports, canals and tunnels -- International logistics functions and intermediaries -- Terms of sale and payment -- Documentation and insurance -- Logistics of export product movement. 
533 |a Electronic reproduction. Ann Arbor, MI : ProQuest, 2015. Available via World Wide Web. Access may be limited to ProQuest affiliated libraries. 
650 0 |a Physical distribution of goods  |x Management. 
650 0 |a Business logistics. 
650 0 |a International trade. 
655 4 |a Electronic books. 
700 1 |a Wood, Donald F.,  |d 1935- 
710 2 |a ProQuest (Firm) 
856 4 0 |u https://ebookcentral.proquest.com/lib/matrademy/detail.action?docID=243040  |z Click to View